UM Logo

Microbiology: (Record no. 4735)

MARC details
000 -LEADER
fixed length control field 01128cam a22003134a 4500
001 - CONTROL NUMBER
control field 12032970
005 - DATE AND TIME OF LATEST TRANSACTION
control field 20160921114244.0
008 - FIXED-LENGTH DATA ELEMENTS--GENERAL INFORMATION
fixed length control field 000607s2000 iau b 001 0 eng
010 ## - LIBRARY OF CONGRESS CONTROL NUMBER
LC control number 00055449
020 ## - INTERNATIONAL STANDARD BOOK NUMBER
International Standard Book Number 0072318783
040 ## - CATALOGING SOURCE
Original cataloging agency DLC
Transcribing agency DLC
Modifying agency DLC
042 ## - AUTHENTICATION CODE
Authentication code pcc
050 00 - LIBRARY OF CONGRESS CALL NUMBER
Classification number QR41.2
Item number .N47 2001
082 00 - DEWEY DECIMAL CLASSIFICATION NUMBER
Classification number DC 579
Edition number 2001
Item number N37m
245 00 - TITLE STATEMENT
Title Microbiology:
Remainder of title a human perspective/
Statement of responsibility, etc. Eugene W. Nester [and 4 others].
260 ## - PUBLICATION, DISTRIBUTION, ETC. (IMPRINT)
Place of publication, distribution, etc. Dubuque, Iowa:
Name of publisher, distributor, etc. McGraw-Hill,
Date of publication, distribution, etc. c2001.
300 ## - PHYSICAL DESCRIPTION
Extent xxx, 820 pages:
Other physical details illustrations;
Dimensions 28 cm.
504 ## - BIBLIOGRAPHY, ETC. NOTE
Bibliography, etc Includes bibliographical references and index.
650 #0 - SUBJECT ADDED ENTRY--TOPICAL TERM
Topical term or geographic name as entry element Microbiology.
700 1# - ADDED ENTRY--PERSONAL NAME
Personal name Nester, Eugene W.
700 ## - ADDED ENTRY--PERSONAL NAME
Personal name Anderson, Dense G.
9 (RLIN) 15036
Relator term Author
700 ## - ADDED ENTRY--PERSONAL NAME
Personal name Roberts, C. Evans, Jr.
9 (RLIN) 15037
700 ## - ADDED ENTRY--PERSONAL NAME
Personal name Pearsall, Nancy N.
9 (RLIN) 15038
700 ## - ADDED ENTRY--PERSONAL NAME
Personal name Nester, Martha T.
9 (RLIN) 15039
365 ## - TRADE PRICE
Price amount 3000.00
Currency code Php
906 ## - LOCAL DATA ELEMENT F, LDF (RLIN)
a 7
b cbc
c orignew
d 1
e ocip
f 20
g y-gencatlg
942 ## - ADDED ENTRY ELEMENTS (KOHA)
Source of classification or shelving scheme Dewey Decimal Classification
Koha item type Circulation
Holdings
Withdrawn status Lost status Source of classification or shelving scheme Damaged status Not for loan Collection code Home library Current library Shelving location Date acquired Source of acquisition Total Checkouts Full call number Barcode Date last seen Date last checked out Price effective from Koha item type
    Dewey Decimal Classification     Circulation UM Digos College - LIC UM Digos College - LIC Book Cart 09/13/2004 Purchased 3 DC 579 N37m 2001 17815 05/15/2025 12/05/2018 09/21/2016 Circulation